书目信息 |
| 题名: |
面包糕点自己做
|
|
| 作者: | 车韬 , 双福 编著 | |
| 分册: | ||
| 出版信息: | 北京 农村读物出版社 2014 |
|
| 页数: | 80页 | |
| 开本: | 21cm | |
| 丛书名: | ||
| 单 册: | ||
| 中图分类: | TS213.2 | |
| 科图分类: | ||
| 主题词: | 面包--制作 , 糕点--制作 | |
| 电子资源: | ||
| ISBN: | 978-7-5048-5740-8 | |
| 000 | 00848nam0 2200265 450 | |
| 001 | 012015000039 | |
| 005 | 20151130142614.37 | |
| 010 | @a978-7-5048-5740-8@dCNY20.00 | |
| 100 | @a20141101d2014 em y0chiy50 ea | |
| 101 | 0 | @achi |
| 102 | @aCN@b110000 | |
| 105 | @aa z 001yy | |
| 106 | @ar | |
| 200 | 1 | @a面包糕点自己做@Amian bao gao dian zi ji zuo@f车韬,双福编著 |
| 210 | @a北京@c农村读物出版社@d2014 | |
| 215 | @a80页@c彩图@d21cm | |
| 300 | @a家有高厨系列 | |
| 330 | @a本书精选适合中国家庭的面包、糕点,从简单入门到高手进阶,循序渐进,细致讲解制作方法和基础知识,更有高清步骤彩图进行示范,让您一看就懂,一学就会。 | |
| 606 | 0 | @a面包@x制作 |
| 606 | 0 | @a糕点@x制作 |
| 690 | @aTS213.2@v5 | |
| 701 | 0 | @a车韬@Ache tao@4编著 |
| 701 | 0 | @a双福@Ashuang fu@4编著 |
| 801 | 0 | @aCN@b碧洲教育@c20151127 |
| 905 | @a10447@f4@dTS213.2@e185 | |
| 面包糕点自己做/车韬,双福编著.-北京:农村读物出版社,2014 |
| 80页:彩图;21cm |
| 家有高厨系列 |
| ISBN 978-7-5048-5740-8:CNY20.00 |
| 本书精选适合中国家庭的面包、糕点,从简单入门到高手进阶,循序渐进,细致讲解制作方法和基础知识,更有高清步骤彩图进行示范,让您一看就懂,一学就会。 |
| ● |
| 相关链接 |
|
|
|
|
正题名:面包糕点自己做
索取号:TS213.2/185
 
预约/预借
| 序号 | 登录号 | 条形码 | 馆藏地/架位号 | 状态 | 备注 |
| 1 | 0871709 | 208717094 | 第二样本阅览室/ [索取号:TS213.2/185] | 在馆 | |
| 2 | 0871710 | 208717101 | 第三借阅区/ [索取号:TS213.2/185] | 在馆 | |
| 3 | 0871711 | 208717110 | 第三借阅区/ [索取号:TS213.2/185] | 在馆 | |
| 4 | 0871712 | 208717129 | 第三借阅区/ [索取号:TS213.2/185] | 在馆 |